[Event "Challenge"]
[Site "http://www.queenalice.com/game.php?id=925624"]
[Date "2011.4.13"]
[Round "-"]
[White "kha0s"]
[Black "jbumgarjr"]
[Result "1-0"]
[WhiteElo "1980"]
[BlackElo "1458"]

1. b3 d5 2. Bb2 Nc6 3. Nf3 Nf6 4. e3 Bg4 5. Bb5 a6 6. Bxc6+ bxc6 7. h3 Be6 8.
O-O g6 9. Nc3 Bg7 10. Na4 O-O 11. d3 Qd7 12. Be5 Ne8 13. Nc5 Qc8 14. Bxg7 Kxg7
15. Qe1 Nf6 16. Qc3 Rd8 17. Rfe1 h6 18. e4 Bxh3 19. gxh3 Qxh3 20. Re3 g5 21. Nd4
Qh4 22. Nf5+ 1-0

[Event "AUTO-OPEN-2332"]
[Site "http://www.queenalice.com/game.php?id=926014"]
[Date "2011.4.14"]
[Round "1"]
[White "Liammason"]
[Black "kha0s"]
[Result "0-1"]
[WhiteElo "1700"]
[BlackElo "1500"]

1. e4 c6 2. Nf3 d5 3. exd5 cxd5 4. d4 Nf6 5. Bb5+ Bd7 6. Qd3 e6 7. O-O Bd6 8.
Nc3 a6 9. Ba4 b5 10. Nxb5 axb5 11. Bxb5 Bxb5 12. Qe3 Bxf1 0-1

[Event "AUTO-OPEN-2332"]
[Site "http://www.queenalice.com/game.php?id=926015"]
[Date "2011.4.14"]
[Round "1"]
[White "kha0s"]
[Black "Liammason"]
[Result "1-0"]
[WhiteElo "1861"]
[BlackElo "1789"]

1. d4 Nc6 2. e4 e6 3. Nf3 Be7 4. d5 exd5 5. exd5 Nb8 6. c4 Nf6 7. Nc3 O-O 8. Bd3
Bc5 9. O-O d6 10. h3 Bd7 11. Rb1 c6 12. b4 Bb6 13. Ne4 Nxe4 14. Bxe4 Qc8 15. Bf4
Bxh3 16. gxh3 Qxh3 17. Ng5 Bxf2+ 18. Rxf2 1-0

[Event "AUTO-OPEN-2332"]
[Site "http://www.queenalice.com/game.php?id=926058"]
[Date "2011.4.14"]
[Round "1"]
[White "kha0s"]
[Black "jw16js"]
[Result "1-0"]
[WhiteElo "1800"]
[BlackElo "1582"]

1. c4 e5 2. Nc3 Bc5 3. Nf3 Qf6 4. Nd5 Qd8 5. Nxe5 Nh6 6. d4 Bd6 7. Qd3 f6 8.
Bxh6 gxh6 9. Ng4 Rf8 10. Qxh7 Be7 11. Qg6+ Rf7 12. Nxh6 d6 13. Nxf6+ Bxf6 14.
Qxf7# 1-0

[Event "AUTO-OPEN-2332"]
[Site "http://www.queenalice.com/game.php?id=926059"]
[Date "2011.4.14"]
[Round "1"]
[White "jw16js"]
[Black "kha0s"]
[Result "0-1"]
[WhiteElo "1587"]
[BlackElo "1980"]

1. Nf3 Nf6 2. c4 d6 3. e3 g6 4. Nc3 Bg7 5. e4 c5 6. h3 Nc6 7. d3 O-O 8. Bg5 a6
9. a4 Qb6 10. Bc1 e6 11. Ra2 d5 12. e5 Nd7 13. cxd5 Ncxe5 14. dxe6 Nxf3+ 15.
Qxf3 Bxc3+ 16. bxc3 Qb1 17. Rd2 Qxc1+ 18. Qd1 Qxd1+ 19. Rxd1 Re8 20. Kd2 Rxe6
21. f4 b5 22. axb5 axb5 23. d4 Ra2+ 24. Kd3 c4# 0-1

[Event "Challenge"]
[Site "http://www.queenalice.com/game.php?id=927373"]
[Date "2011.4.18"]
[Round "-"]
[White "kha0s"]
[Black "plot24"]
[Result "1-0"]
[WhiteElo "1943"]
[BlackElo "1764"]

1. e4 e5 2. Nf3 Nc6 3. Bb5 Bd6 4. O-O f6 5. Bc4 Nd4 6. Nxd4 exd4 7. d3 Ne7 8.
Qh5+ Ng6 9. f4 Kf8 10. Nd2 c6 11. Nf3 Bc7 12. e5 d5 13. exd6 Bxd6 14. f5 b5 15.
Bb3 1-0

[Event "Challenge"]
[Site "http://www.queenalice.com/game.php?id=933426"]
[Date "2011.5.3"]
[Round "-"]
[White "theblackfox"]
[Black "kha0s"]
[Result "0-1"]
[WhiteElo "1963"]
[BlackElo "2074"]

1. e4 c5 2. d4 cxd4 3. Qxd4 Nc6 4. Qa4 e6 5. Nf3 Bc5 6. Nc3 Qb6 7. Bf4 Qxb2 8.
Rd1 Qxc3+ 9. Bd2 Qa3 10. Qxa3 Bxa3 11. Bc3 Nf6 12. Bb5 Nxe4 13. Bxg7 Rg8 14. Bh6
Bb4+ 15. Bd2 Bxd2+ 16. Nxd2 Nc3 17. Rc1 Nxb5 18. c4 Nbd4 19. c5 Rxg2 20. h4 b6
21. a4 Ba6 22. h5 Ne5 23. h6 Nd3+ 24. Kf1 Rxf2+ 25. Kg1 Ne2# 0-1

[Event "Challenge"]
[Site "http://www.queenalice.com/game.php?id=933427"]
[Date "2011.5.3"]
[Round "-"]
[White "kha0s"]
[Black "theblackfox"]
[Result "1-0"]
[WhiteElo "1981"]
[BlackElo "1963"]

1. d4 d5 2. c4 Nf6 3. cxd5 Qxd5 4. Nc3 Qa5 5. Nf3 Nc6 6. Bd2 Qh5 7. e4 e5 8. d5
Nd4 9. Nxd4 exd4 10. Qxh5 Nxh5 11. Nb5 c5 12. Nc7+ Kd7 13. Nxa8 Bd6 14. b4 Ke7
15. bxc5 Bxc5 16. Nc7 Rd8 17. Rc1 b6 18. e5 Kd7 19. d6 a5 20. Bb5# 1-0

[Event "Challenge"]
[Site "http://www.queenalice.com/game.php?id=933434"]
[Date "2011.5.3"]
[Round "-"]
[White "theblackfox"]
[Black "kha0s"]
[Result "0-1"]
[WhiteElo "1963"]
[BlackElo "2015"]

1. e4 c6 2. d4 d5 3. Nc3 dxe4 4. Nxe4 Nf6 5. Nxf6+ exf6 6. Nf3 Bd6 7. Bc4 O-O 8.
d5 Qc7 9. O-O cxd5 10. Qxd5 Be6 11. Qe4 Bxc4 12. Re1 Be6 13. Nd4 Bxh2+ 14. Kh1
Re8 15. g3 Bxg3 16. fxg3 Bd5 17. Qxd5 Rxe1+ 18. Kg2 Qd7 19. c4 Qxd5+ 20. Nf3
Re2+ 21. Kh3 Qxf3 22. Bf4 Qh5# 0-1

[Event "Challenge"]
[Site "http://www.queenalice.com/game.php?id=933435"]
[Date "2011.5.3"]
[Round "-"]
[White "kha0s"]
[Black "theblackfox"]
[Result "1-0"]
[WhiteElo "2117"]
[BlackElo "1967"]

1. e4 e5 2. Nf3 Nc6 3. Bb5 d6 4. c3 Bd7 5. O-O Nf6 6. Qe2 a6 7. Ba4 Nd4 8. Bxd7+
Qxd7 9. cxd4 b5 10. dxe5 dxe5 11. Nxe5 Qd4 12. Nf3 Qxe4 13. Qxe4+ Nxe4 14. Re1
f5 15. d3 Bb4 16. Bd2 a5 17. dxe4 fxe4 18. Rxe4+ Be7 19. Bg5 c5 20. Rxe7+ Kf8
21. Ne5 h6 22. Ng6+ Kg8 23. Nxh8 Kxh8 24. Be3 c4 25. Bd4 Rg8 26. Na3 Kh7 27.
Nxb5 h5 28. Nd6 Rd8 29. Rxg7+ Kh6 30. Nf7# 1-0

[Event "Challenge"]
[Site "http://www.queenalice.com/game.php?id=933447"]
[Date "2011.5.3"]
[Round "-"]
[White "kha0s"]
[Black "ZUMBI"]
[Result "1-0"]
[WhiteElo "2095"]
[BlackElo "2033"]

1. e4 e5 2. Nf3 Nf6 3. Nxe5 Nxe4 4. Qe2 d5 5. d3 Qd6 6. Nf3 Bg4 7. dxe4 d4 8. h3
Bh5 9. Qb5+ Qc6 10. Qxh5 Nd7 11. Nbd2 Bc5 12. Ne5 Qe6 13. Nxd7 Bb4 14. Nf6+ Qxf6
15. Qb5+ c6 16. Qxb4 b5 17. a4 a6 18. axb5 cxb5 19. Bxb5+ Kd8 20. Qa5+ Ke7 21.
Qc7+ Kf8 22. Rxa6 Rd8 23. Rxf6 gxf6 24. Bc4 Kg7 25. Qxf7+ Kh6 26. Nf3# 1-0

[Event "Challenge"]
[Site "http://www.queenalice.com/game.php?id=933448"]
[Date "2011.5.3"]
[Round "-"]
[White "ZUMBI"]
[Black "kha0s"]
[Result "0-1"]
[WhiteElo "2033"]
[BlackElo "2044"]

1. e4 c5 2. Nf3 d6 3. d4 cxd4 4. Qxd4 Nc6 5. Qa4 Nf6 6. Bg5 Bd7 7. Nc3 e6 8. Bc4
Nd4 9. Bb5 Nxb5 10. Nxb5 a6 11. O-O Bxb5 12. Qd4 Bxf1 13. Kxf1 Be7 14. a4 h6 15.
Bf4 e5 16. Bxe5 dxe5 17. Qxe5 Rc8 18. a5 Rxc2 19. Nh4 Ng4 20. Qxg7 Qd2 21. Qxh8+
Bf8 22. Qd4 Qxd4 23. Nf5 Qxf2# 0-1

[Event "Challenge"]
[Site "http://www.queenalice.com/game.php?id=949716"]
[Date "2011.6.14"]
[Round "-"]
[White "bruno_borges"]
[Black "kha0s"]
[Result "0-1"]
[WhiteElo "2123"]
[BlackElo "2133"]

1. e4 c5 2. Nf3 Nc6 3. Nc3 g6 4. d4 cxd4 5. Nxd4 Bg7 6. Be3 a6 7. Be2 Nf6 8. O-O
O-O 9. f4 d6 10. f5 Ne5 11. h3 b5 12. a3 Bb7 13. Rf4 Bh6 0-1

[Event "Challenge"]
[Site "http://www.queenalice.com/game.php?id=949717"]
[Date "2011.6.14"]
[Round "-"]
[White "kha0s"]
[Black "bruno_borges"]
[Result "0-1"]
[WhiteElo "2156"]
[BlackElo "2152"]

1. d4 Nf6 2. c4 e6 3. Nc3 Bb4 4. g3 O-O 5. Bg2 d5 6. cxd5 Nxd5 7. Bd2 Nxc3 8.
bxc3 Be7 9. Nf3 Nc6 10. O-O Na5 11. Qc2 Nc4 12. Bf4 g5 13. Bc1 h6 14. Qd3 Nd6
15. Rb1 Rb8 16. c4 Nf5 17. g4 Nd6 18. Ne5 Bf6 0-1